000 00565 a2200205 4500
005 20260128101915.0
008 260127b |||||||| |||| 00| 0 eng d
020 _a9788195104499
_cRs. 2800.00
040 _aMAIN
082 _a796
_bS26A
100 _aShaw, Dhananjoy
245 _aAthletic care and rehabilitation: A sports medicine prospective Daryaganj
260 _bSports Publication
_c2025
_aNew Delhi
300 _a548
650 _aPhysical Education
650 _aSports
650 _aAthletic Care
650 _aRehabilitation
942 _cBK
999 _c394129
_d394129